000 00384nam a2200157Ia 4500
008 230917s9999||||xx |||||||||||||| ||und||
040 _e161173
_aMAIN
041 _aEnglish
082 _a342 U1P
100 _aUpadhyay, Jai Jai Ram
245 0 _aPrashasnik vidhi
250 _a3Th ed.
260 _aAllahabad
_bCentral Law Agency
_c1997
300 _axxxiii, 559p. p.
942 _cBK
999 _c98182
_d98182